000
00228 a2200097 4500
001
59156
100
_a
245
_a
Crow ;: quranic stories for childrens
260
_a
Karachi
_b
Children Books Pub
_c
2008
090
_c
36233
_d
36233
942
_a
NUST-CAE
_c
_c
29151
999
_c
294229
_d
294229